Welcome to CU Library Online Public Access Catalogue (OPAC)

Visualizing psychology / (Record no. 7364)

MARC details
000 -LEADER
fixed length control field 00907cam a22002174a 4500
001 - CONTROL NUMBER
control field 14780995
005 - DATE AND TIME OF LATEST TRANSACTION
control field 20250825122839.0
008 - FIXED-LENGTH DATA ELEMENTS--GENERAL INFORMATION
fixed length control field 070323s2008 nyua b 001 0 eng
020 ## - INTERNATIONAL STANDARD BOOK NUMBER
International Standard Book Number 9780471767961
050 00 - LIBRARY OF CONGRESS CALL NUMBER
Classification number BF121
Item number .C354 2008
100 1# - MAIN ENTRY--PERSONAL NAME
Personal name Carpenter, Siri.
245 10 - TITLE STATEMENT
Title Visualizing psychology /
Statement of responsibility, etc. Siri Carpenter, Karen Huffman.
260 ## - PUBLICATION, DISTRIBUTION, ETC.
Place of publication, distribution, etc. New York :
Name of publisher, distributor, etc. Wiley in collaboration with the National Geographic Society,
Date of publication, distribution, etc. c2008.
300 ## - PHYSICAL DESCRIPTION
Extent xxx, 512 p. :
Other physical details ill. (chiefly col.) ;
Dimensions 28 cm.
650 #0 - SUBJECT ADDED ENTRY--TOPICAL TERM
Topical term or geographic name entry element Psychology
Form subdivision Textbooks.
700 1# - ADDED ENTRY--PERSONAL NAME
Personal name Huffman, Karen.
856 41 - ELECTRONIC LOCATION AND ACCESS
Materials specified Table of contents only
Uniform Resource Identifier <a href="http://www.loc.gov/catdir/enhancements/fy0740/2007273092-t.html">http://www.loc.gov/catdir/enhancements/fy0740/2007273092-t.html</a>
856 42 - ELECTRONIC LOCATION AND ACCESS
Materials specified Publisher description
Uniform Resource Identifier <a href="http://www.loc.gov/catdir/enhancements/fy0740/2007273092-d.html">http://www.loc.gov/catdir/enhancements/fy0740/2007273092-d.html</a>
856 42 - ELECTRONIC LOCATION AND ACCESS
Materials specified Contributor biographical information
Uniform Resource Identifier <a href="http://www.loc.gov/catdir/enhancements/fy0740/2007273092-b.html">http://www.loc.gov/catdir/enhancements/fy0740/2007273092-b.html</a>
942 ## - ADDED ENTRY ELEMENTS (KOHA)
Source of classification or shelving scheme Library of Congress Classification
Koha item type Books
Suppress in OPAC No
999 ## -
-- 7364
-- 7364
Holdings
Withdrawn status Lost status Source of classification or shelving scheme Damaged status Not for loan Collection Home library Current library Shelving location Date acquired Total checkouts Full call number Barcode Date last seen Copy number Price effective from Koha item type
    Library of Congress Classification     Non-fiction Undergraduate Library (Christ Temple) Undergraduate Library (Christ Temple) General stacks 08/25/2025   BF 121.C354 ulct00004464 08/25/2025 1 08/25/2025 Books
© 2023-2024 Copyright: Central University Libraries. All Rights Reserved | Created by: Mahone Tech Office